[Event "HUN-ch Rapid 2018"]
[Site "Ajka"]
[Date "2018.07.21"]
[Round "7"]
[White "Martini, Balazs"]
[Black "Hoang, Thanh Trang"]
[Result "0-1"]
[WhiteElo "2295"]
[BlackElo "2351"]
[Annotator "NA RC"]
[PlyCount "102"]
[EventDate "2018.07.20"]
[EventType "swiss"]
[EventCountry "HUN"]
[SourceTitle "playchess.com"]
[Source "ChessBase"]
[SourceQuality "1"]
[TimeControl "1200+5"]

1. Nf3 {[%emt 0:00:24]} f5 {[%emt 0:01:31]} 2. g3 {[%emt 0:01:23]} Nf6 {[%emt 0:00:03]} 3. Bg2 {[%emt 0:00:01]} g6 {[%emt 0:00:06]} 4. O-O {[%emt 0:00:05]} Bg7 {[%emt 0:00:01]} 5. c4 {[%emt 0:00:05]} O-O {[%emt 0:00:08]} 6. Nc3 {[%emt 0:00:02]} d6 {[%emt 0:00:04]} 7. d3 {[%emt 0:00:02]} e5 {[%emt 0:00:11]} 8. Rb1 {[%emt 0:00:12]} a5 {[%emt 0:00:34]} 9. a3 {[%emt 0:00:02]} Nc6 {[%emt 0:00:09]} 10. b4 {[%emt 0:00:40]} axb4 {[%emt 0:00:07]} 11. axb4 {[%emt 0:00:01]} h6 {[%emt 0:00:21]} 12. Ne1 {[%emt 0:01:51]} g5 {[%emt 0:03:04]} 13. b5 {[%emt 0:01:34]} Ne7 {[%emt 0:00:09]} 14. e3 {[%emt 0:01:08]} Ng6 {[%emt 0:01:19]} 15. Nd5 {[%emt 0:01:13]} Kh8 {[%emt 0:00:34]} 16. Bb2 {[%emt 0:00:41]} f4 {[%emt 0:00:37]} 17. Ra1 {[%emt 0:00:37]} Bg4 {[%emt 0:03:37]} 18. Rxa8 {[%emt 0:03:06]} Qxa8 {[%emt 0:00:56]} 19. Qc2 {[%emt 0:01:25]} f3 20. Bh1 {[%emt 0:01:41]} Bh3 {[%emt 0:02:59]} 21. Bxf3 {[%emt 0:00:10]} Bxf1 {[%emt 0:00:08]} 22. Kxf1 {[%emt 0:00:02]} Nxd5 {[%emt 0:00:15]} 23. Bxd5 {[%emt 0:00:07]} Ne7 {[%emt 0:00:09]} 24. Bf3 {[%emt 0:02:51]} Qa7 {[%emt 0:00:09]} 25. Kg2 {[%emt 0:00:17]} c6 {[%emt 0:00:32]} 26. Qb3 {[%emt 0:01:12]} Ra8 {[%emt 0:00:05]} 27. Nc2 {[%emt 0:00:13]} Qa4 {[%emt 0:01:12]} 28. Qxa4 {[%emt 0:00:54]} Rxa4 {[%emt 0:00:02]} 29. Ba3 {[%emt 0:00:01]} cxb5 {[%emt 0:00:31]} 30. cxb5 {[%emt 0:00:02]} Ra5 {[%emt 0:00:49]} 31. b6 {[%emt 0:00:00]} Nc8 {[%emt 0:01:05]} 32. Bxb7 {[%emt 0:00:17]} Nxb6 {[%emt 0:00:01]} 33. Bxd6 {[%emt 0:00:04]} Ra2 {[%emt 0:00:10]} 34. Nb4 {[%emt 0:00:01]} Rb2 {[%emt 0:00:14]} 35. Be4 {[%emt 0:00:07]} Na4 {[%emt 0:00:08]} 36. Nc6 {[%emt 0:00:08]} Rb5 {[%emt 0:00:04]} 37. Ne7 {[%emt 0:00:05]} Nc3 {[%emt 0:00:06]} 38. Bc6 {[%emt 0:00:10]} Rb6 {[%emt 0:00:10]} 39. Bc7 {[%emt 0:00:06]} Ra6 {[%emt 0:00:08]} 40. Bxe5 {[%emt 0:00:09]} Bxe5 {[%emt 0:00:16]} 41. Ng6+ {[%emt 0:00:00]} Kg7 {[%emt 0:00:01]} 42. Nxe5 {[%emt 0:00:01]} Kf6 {[%emt 0:00:02]} 43. d4 {[%emt 0:00:06]} Ra2 {[%emt 0:00:04]} 44. Bf3 {[%emt 0:00:10]} Nb1 {[%emt 0:00:26]} 45. Ng4+ {[%emt 0:00:05]} Kg7 {[%emt 0:00:01]} 46. Bd5 {[%emt 0:00:07]} Rb2 {[%emt 0:00:03]} 47. Bf3 {[%emt 0:00:07]} h5 {[%emt 0:00:06]} 48. Ne5 {[%emt 0:00:06]} g4 {[%emt 0:00:00]} 49. Bd5 {[%emt 0:00:07]} Nc3 {[%emt 0:00:02]} 50. Bc4 {[%emt 0:00:05]} Nd1 {[%emt 0:00:04]} 51. d5 Nxe3+ 0-1

[Event "HUN-ch Rapid 2018"]
[Site "Ajka"]
[Date "2018.07.21"]
[Round "7"]
[White "Szelenyi, Norbert"]
[Black "Mihok, Oliver"]
[Result "1/2-1/2"]
[WhiteElo "2284"]
[BlackElo "2426"]
[Annotator "TA"]
[PlyCount "176"]
[EventDate "2018.07.20"]
[EventType "swiss"]
[EventCountry "HUN"]
[SourceTitle "playchess.com"]
[Source "ChessBase"]
[SourceQuality "1"]

{[%evp 15,176,-8,-9,-18,9,-32,-19,-18,-20,-14,-23,-17,-17,-25,-25,-26,-13,-23,-16,-23,-20,-24,-4,-6,-6,-6,-6,-6,-5,-8,-10,-18,0,-19,-19,-19,-19,-19,-19,-19,-19,-19,-8,-19,-19,-20,-18,-18,-18,-18,-18,-18,-18,-18,-18,-18,-18,-18,-18,-18,0,-18,-18,-18,-18,-18,-18,-18,-18,-18,-18,-18,-18,-18,-18,-18,-18,-18,0,-18,-18,-18,-18,-18,-18,-18,-18,-18,-18,-18,-18,-18,-18,-18,-18,-18,-18,-18,0,0,0,0,0,0,0,-18,0,-18,-18,-18,-18,-18,-18,-18,-18,-18,-18,-18,-18,-18,-18,-18,-18,-18,-18,-18,-18,-18,-18,-18,-18,-18,-18,-18,-18,-18,-18,-18,-18,-18,-18,-18,-18,-18,-18,-18,0,0,0,0,0,0,0,0,0,0,0,0,0,0,0,0,0]} 1. e3 Nf6 2. b3 g6 3. Bb2 Bg7 4. c4 O-O 5. Nf3 c5 6. Be2 b6 7. O-O Bb7 8. Nc3 Nc6 {LiveBook: 16 Partien} 9. Qc2 {A30: Englische Eröffnung (Symmetrische Variante)} (9. Rc1 d5 10. cxd5 Nxd5 11. Qc2 e5 12. a3 Rc8 13. d3 Nd4 14. Qd1 Nxc3 15. Bxc3 Nxe2+ 16. Qxe2 Re8 {0-1 (45) Hobber,A (2290)-Urkedal,F (2571) Norway 2018}) 9... Rc8 10. Rac1 d5 11. cxd5 $146 ({Vorgänger:} 11. Nxd5 Nxd5 12. Bxg7 Nf4 13. exf4 Kxg7 14. Qc3+ Kg8 15. Rcd1 Qd6 16. d4 cxd4 17. Nxd4 Qxf4 18. Bf3 Qf6 19. Nb5 Qxc3 {½-½ (19) Maier,C (2354)-Lekic,D (2411) Basel 2013}) 11... Nxd5 12. Nxd5 Qxd5 13. Bxg7 Kxg7 14. Rfd1 e5 {[%cal Be7e5,Be5e4][%mdl 32]} 15. a3 a5 16. d3 Rfd8 17. Qb2 f6 18. Bf1 e4 19. Nd2 {Die Stellung ist ausgeglichen.} exd3 {und nun wäre ...Se5 stark für Schwarz.} 20. Nc4 Ne5 21. Nxe5 ({Vergiftet wäre} 21. Nxb6 $2 {[#]} Nf3+ $1 {[%mdl 512]} 22. Kh1 Qd6 $1 $19 {[%mdl 512]}) 21... Qxe5 22. Qxe5 fxe5 23. Bxd3 Rd6 24. Bc2 Rcd8 25. Rxd6 Rxd6 26. Rd1 Rxd1+ 27. Bxd1 $11 {[%mdl 4096] Endspiel KL-KL} Bd5 28. Kf1 g5 29. g3 b5 30. Ke1 b4 31. axb4 axb4 32. Kd2 Kf6 33. Bc2 h6 34. Kc1 e4 35. Kb2 Ke5 36. Bd1 Kf5 37. Be2 Ke5 38. Kc2 Be6 39. Kb2 Bh3 40. Kc2 Kf5 41. Ba6 Bg2 {zielt auf ...Kg4 ab.} 42. Bc8+ Ke5 43. Ba6 Bf3 44. Bb5 Bg4 45. Ba6 Be6 46. Bf1 h5 {[%cal Bh6h5,Bh5h4][%mdl 32]} 47. Be2 Bg4 48. Ba6 h4 49. Bb5 Be6 50. Be2 Bh3 51. Ba6 Bg2 52. Bb5 Bf3 53. Ba6 Kf6 54. Bb5 Kg6 55. Be8+ Kh6 56. Bb5 Kh5 57. Be8+ Kg4 {Droht ...Kh3 und aus.} 58. Bd7+ $1 Kh5 59. Be8+ Kh6 60. Bb5 Kg6 61. Be8+ Kf5 62. Bd7+ Ke5 63. Bb5 Bg4 64. Ba6 Kd6 65. Bc4 Be6 66. Be2 Bd5 67. Ba6 Kc7 68. Be2 Kb6 69. Bf1 Bc6 70. Bg2 Ka5 71. Kb2 Bd5 72. Bf1 Be6 73. Be2 Bd7 74. Bh5 Bb5 75. Bg6 Bc6 76. Bh5 Bd5 77. Be2 Be6 78. Bf1 Bd7 79. Bg2 Bf5 80. Bf1 h3 81. Bc4 Kb6 82. Be2 Kc6 83. Bc4 Kd6 84. Be2 Be6 85. Bf1 g4 86. Be2 Kc6 87. Bf1 Kb6 88. Be2 Kc6 {Precision: Weiß = 83%, Schwarz = 67%.} 1/2-1/2

[Event "HUN-ch Rapid 2018"]
[Site "Ajka"]
[Date "2018.07.21"]
[Round "7"]
[White "Laszlo, Janos"]
[Black "Czupor, Attila"]
[Result "1/2-1/2"]
[WhiteElo "2273"]
[BlackElo "2045"]
[Annotator "NA RC"]
[PlyCount "63"]
[EventDate "2018.07.20"]
[EventType "swiss"]
[EventCountry "HUN"]
[SourceTitle "playchess.com"]
[Source "ChessBase"]
[SourceQuality "1"]
[TimeControl "1200+5"]

1. Nf3 {[%emt 0:00:02]} d5 {[%emt 0:00:01]} 2. e3 {[%emt 0:00:03]} Nf6 {[%emt 0:00:02]} 3. c4 {[%emt 0:00:02]} c6 {[%emt 0:00:07]} 4. d4 {[%emt 0:00:05]} e6 {[%emt 0:00:05]} 5. Bd3 {[%emt 0:00:07]} Nbd7 {[%emt 0:00:03]} 6. Nc3 {[%emt 0:00:04]} Bd6 {[%emt 0:00:03]} 7. O-O {[%emt 0:00:04]} O-O {[%emt 0:00:18]} 8. e4 {[%emt 0:00:04]} dxc4 {[%emt 0:00:02]} 9. Bxc4 {[%emt 0:00:03]} e5 {[%emt 0:00:02]} 10. Bb3 {[%emt 0:01:49]} exd4 {[%emt 0:01:48]} 11. Nxd4 {[%emt 0:00:25]} Nc5 {[%emt 0:01:04]} 12. Bg5 {[%emt 0:02:18]} Be5 {[%emt 0:00:55]} 13. Nf3 {[%emt 0:05:38]} Qxd1 {[%emt 0:04:07]} 14. Nxd1 {[%emt 0:00:44]} Ncxe4 {[%emt 0:00:16]} 15. Nxe5 {[%emt 0:00:40]} Nxg5 {[%emt 0:00:04]} 16. Nc3 {[%emt 0:01:00]} Bf5 {[%emt 0:01:55]} 17. f3 {[%emt 0:01:19]} h5 {[%emt 0:02:57]} 18. Rfe1 {[%emt 0:01:10]} Ne6 {[%emt 0:02:47]} 19. Rad1 {[%emt 0:01:14]} Rad8 {[%emt 0:00:30]} 20. Bxe6 {[%emt 0:01:01]} Bxe6 {[%emt 0:00:09]} 21. Kf2 {[%emt 0:00:34]} Rfe8 {[%emt 0:00:32]} 22. f4 {[%emt 0:00:55]} Nd5 {[%emt 0:02:41]} 23. Nxd5 {[%emt 0:00:11]} Bxd5 {[%emt 0:00:02]} 24. a3 {[%emt 0:00:30]} Bb3 {[%emt 0:00:17]} 25. Rxd8 {[%emt 0:00:14]} Rxd8 {[%emt 0:00:01]} 26. Re2 {[%emt 0:00:30]} Bd1 {[%emt 0:00:19]} 27. Re1 {[%emt 0:00:05]} f6 {[%emt 0:00:23]} 28. Nc4 {[%emt 0:00:10]} Bb3 {[%emt 0:00:13]} 29. Na5 {[%emt 0:00:06]} Rd2+ {[%emt 0:00:20]} 30. Re2 {[%emt 0:00:03]} Rxe2+ {[%emt 0:00:10]} 31. Kxe2 {[%emt 0:00:01]} Bd5 32. Nxb7 1/2-1/2

[Event "HUN-ch Rapid 2018"]
[Site "Ajka"]
[Date "2018.07.21"]
[Round "7"]
[White "Szalanczi, Emil"]
[Black "Hajnal, Zoltan"]
[Result "0-1"]
[WhiteElo "2214"]
[BlackElo "2357"]
[Annotator "NA RC"]
[PlyCount "86"]
[EventDate "2018.07.20"]
[EventType "swiss"]
[EventCountry "HUN"]
[SourceTitle "playchess.com"]
[Source "ChessBase"]
[SourceQuality "1"]
[TimeControl "1200+5"]

1. e4 {[%emt 0:00:40]} e5 {[%emt 0:00:02]} 2. Nf3 {[%emt 0:00:02]} Nc6 {[%emt 0:00:02]} 3. Bb5 {[%emt 0:00:01]} a6 {[%emt 0:00:02]} 4. Ba4 {[%emt 0:00:01]} d6 {[%emt 0:00:02]} 5. c3 {[%emt 0:00:05]} Bd7 {[%emt 0:00:01]} 6. O-O {[%emt 0:00:11]} g6 {[%emt 0:00:02]} 7. d4 {[%emt 0:00:12]} Bg7 {[%emt 0:00:01]} 8. d5 {[%emt 0:00:02]} Nce7 {[%emt 0:00:02]} 9. c4 {[%emt 0:00:01]} h6 {[%emt 0:00:03]} 10. Nc3 {[%emt 0:00:10]} f5 {[%emt 0:00:03]} 11. b4 {[%emt 0:00:03]} Nf6 {[%emt 0:00:07]} 12. Bb3 {[%emt 0:00:20]} f4 {[%emt 0:00:30]} 13. c5 {[%emt 0:00:07]} g5 {[%emt 0:00:01]} 14. Nd2 {[%emt 0:00:22]} g4 {[%emt 0:00:11]} 15. Nc4 {[%emt 0:00:14]} Nc8 {[%emt 0:00:37]} 16. a4 {[%emt 0:00:20]} Qe7 {[%emt 0:00:48]} 17. Ba3 {[%emt 0:00:18]} O-O {[%emt 0:00:21]} 18. c6 {[%emt 0:00:47]} bxc6 {[%emt 0:00:06]} 19. dxc6 {[%emt 0:00:06]} Be6 {[%emt 0:00:02]} 20. b5 {[%emt 0:00:39]} axb5 {[%emt 0:00:39]} 21. axb5 {[%emt 0:00:20]} Kh7 {[%emt 0:00:16]} 22. Nd5 {[%emt 0:00:35]} Bxd5 {[%emt 0:00:58]} 23. exd5 {[%emt 0:00:03]} Rb8 {[%emt 0:00:04]} 24. Rb1 {[%emt 0:00:50]} Kh8 {[%emt 0:03:24]} 25. Bc2 {[%emt 0:00:42]} Nb6 {[%emt 0:00:08]} 26. Nxb6 {[%emt 0:00:49]} Rxb6 {[%emt 0:00:04]} 27. Re1 {[%emt 0:00:29]} Qf7 {[%emt 0:00:28]} 28. Be4 {[%emt 0:00:52]} Rfb8 {[%emt 0:00:16]} 29. Qd3 {[%emt 0:00:04]} h5 {[%emt 0:01:08]} 30. Bc1 {[%emt 0:00:24]} Bh6 {[%emt 0:00:25]} 31. Bd2 {[%emt 0:00:05]} Ra8 {[%emt 0:00:51]} 32. Ra1 {[%emt 0:02:14]} Rxa1 {[%emt 0:00:03]} 33. Rxa1 {[%emt 0:00:01]} Nxe4 {[%emt 0:00:02]} 34. Qxe4 {[%emt 0:00:02]} Rxb5 {[%emt 0:00:01]} 35. g3 {[%emt 0:01:36]} Rxd5 {[%emt 0:01:55]} 36. Be1 {[%emt 0:00:33]} Rd4 {[%emt 0:01:47]} 37. Qb1 {[%emt 0:00:07]} Kg7 {[%emt 0:00:05]} 38. Qb8 {[%emt 0:00:47]} Rc4 {[%emt 0:00:09]} 39. Ra8 {[%emt 0:01:06]} Rc1 {[%emt 0:00:09]} 40. Qb4 {[%emt 0:02:26]} Qb3 {[%emt 0:00:16]} 41. Qa5 {[%emt 0:00:14]} Qb6 {[%emt 0:00:02]} 42. Qd2 {[%emt 0:03:17]} fxg3 {[%emt 0:00:08]} 43. Qe2 {[%emt 0:00:18]} gxf2+ {[%emt 0:00:07] Qd1} 0-1

[Event "HUN-ch Rapid 2018"]
[Site "Ajka"]
[Date "2018.07.21"]
[Round "7"]
[White "Buzas, Bertalan"]
[Black "Egresi, Mate"]
[Result "1-0"]
[WhiteElo "2133"]
[BlackElo "2280"]
[Annotator "RC"]
[PlyCount "74"]
[EventDate "2018.07.20"]
[EventType "swiss"]
[EventCountry "HUN"]
[SourceTitle "playchess.com"]
[Source "ChessBase"]
[SourceQuality "1"]
[TimeControl "1200+5"]

1. d4 {[%emt 0:00:01]} d5 {[%emt 0:00:01]} 2. c4 {[%emt 0:00:01]} e6 {[%emt 0:00:02]} 3. Nf3 {[%emt 0:00:03]} Nf6 {[%emt 0:00:03]} 4. g3 {[%emt 0:00:01]} dxc4 {[%emt 0:00:03]} 5. Bg2 {[%emt 0:00:03]} Nc6 {[%emt 0:00:10]} 6. O-O {[%emt 0:00:06]} Rb8 {[%emt 0:00:09]} 7. e3 {[%emt 0:00:03]} Bd7 {[%emt 0:00:19]} 8. Qe2 {[%emt 0:00:02]} b5 {[%emt 0:00:03]} 9. b3 {[%emt 0:00:03]} cxb3 {[%emt 0:00:12]} 10. axb3 {[%emt 0:00:01]} Bb4 {[%emt 0:02:34]} 11. Bd2 {[%emt 0:00:10]} Qe7 {[%emt 0:00:28]} 12. Rc1 {[%emt 0:00:14]} O-O {[%emt 0:01:05]} 13. Ne5 {[%emt 0:01:34]} Nxe5 {[%emt 0:01:04]} 14. dxe5 {[%emt 0:00:01]} Nd5 {[%emt 0:00:03]} 15. e4 {[%emt 0:01:08]} Nb6 {[%emt 0:01:16]} 16. Rxc7 {[%emt 0:00:13]} a5 {[%emt 0:00:39]} 17. Nc3 {[%emt 0:00:36]} Rfc8 {[%emt 0:00:42]} 18. Rxc8+ {[%emt 0:02:03]} Rxc8 {[%emt 0:00:02]} 19. Nd1 {[%emt 0:01:45]} Bxd2 {[%emt 0:00:44]} 20. Qxd2 {[%emt 0:00:39]} a4 {[%emt 0:00:19]} 21. bxa4 {[%emt 0:04:27]} bxa4 {[%emt 0:00:01]} 22. Ne3 {[%emt 0:00:35]} Qc5 {[%emt 0:04:00]} 23. Rb1 {[%emt 0:04:21]} a3 {[%emt 0:00:53]} 24. Qa2 {[%emt 0:00:33]} Ra8 {[%emt 0:01:23]} 25. h4 {[%emt 0:00:49]} h6 {[%emt 0:00:40]} 26. Rb3 {[%emt 0:01:29]} Bc6 {[%emt 0:01:29]} 27. h5 {[%emt 0:00:09]} Kh7 {[%emt 0:01:16]} 28. Ng4 {[%emt 0:00:15]} Nd7 {[%emt 0:00:18]} 29. Rf3 {[%emt 0:00:36]} Qc1+ {[%emt 0:00:21]} 30. Kh2 {[%emt 0:00:02]} Qb2 {[%emt 0:00:18]} 31. Qc4 {[%emt 0:00:13]} a2 {[%emt 0:00:28]} 32. Qxc6 {[%emt 0:00:01]} a1=Q {[%emt 0:00:08]} 33. Qxd7 {[%emt 0:00:13]} Qa7 {[%emt 0:00:22]} 34. Qd3 {[%emt 0:00:05]} Rb8 {[%emt 0:00:33]} 35. Bh3 {[%emt 0:00:08]} Qc1 {[%emt 0:00:09]} 36. Rf4 {[%emt 0:00:06]} Rb1 {[%emt 0:00:04]} 37. Bg2 {[%emt 0:00:01]} Qe7 {...} 1-0

[Event "HUN-ch Rapid 2018"]
[Site "Ajka"]
[Date "2018.07.21"]
[Round "7"]
[White "Szukics, Adam"]
[Black "Kiss, Pal"]
[Result "1-0"]
[WhiteElo "2010"]
[BlackElo "2356"]
[Annotator "NA RC"]
[PlyCount "91"]
[EventDate "2018.07.20"]
[EventType "swiss"]
[EventCountry "HUN"]
[SourceTitle "playchess.com"]
[Source "ChessBase"]
[SourceQuality "1"]
[TimeControl "1200+5"]

1. d4 {[%emt 0:00:02]} d5 {[%emt 0:00:01]} 2. Bf4 {[%emt 0:00:02]} Nf6 {[%emt 0:00:08]} 3. e3 {[%emt 0:00:02]} c5 {[%emt 0:00:06]} 4. c3 {[%emt 0:00:02]} Nc6 {[%emt 0:00:02]} 5. Nd2 {[%emt 0:00:01]} cxd4 {[%emt 0:00:03]} 6. exd4 {[%emt 0:00:07]} Bf5 {[%emt 0:00:02]} 7. Ngf3 {[%emt 0:00:07]} e6 {[%emt 0:00:07]} 8. Qb3 {[%emt 0:00:37]} Qc8 {[%emt 0:00:04]} 9. Be2 {[%emt 0:00:39]} Be7 {[%emt 0:00:03]} 10. O-O {[%emt 0:00:13]} O-O {[%emt 0:00:09]} 11. h3 {[%emt 0:00:35]} Ne4 {[%emt 0:00:32]} 12. Rfe1 {[%emt 0:00:43]} Nxd2 {[%emt 0:00:32]} 13. Nxd2 {[%emt 0:00:07]} Qd7 {[%emt 0:04:08]} 14. Nf3 {[%emt 0:02:14]} Bd6 {[%emt 0:00:47]} 15. Bxd6 {[%emt 0:03:15]} Qxd6 {[%emt 0:00:03]} 16. a4 {[%emt 0:01:55]} Rab8 {[%emt 0:01:00]} 17. Qa2 {[%emt 0:01:44]} Rfc8 {[%emt 0:01:06]} 18. Bb5 {[%emt 0:01:03]} Ne7 {[%emt 0:06:18]} 19. Ne5 {[%emt 0:01:20]} a6 {[%emt 0:01:39]} 20. Bd3 {[%emt 0:00:02]} Bxd3 21. Nxd3 a5 {[%emt 0:00:44]} 22. Re2 {[%emt 0:01:51]} Qa6 {[%emt 0:00:13]} 23. Rd2 {[%emt 0:00:20]} Nf5 {[%emt 0:00:08]} 24. Nc5 {[%emt 0:01:54]} Qc6 {[%emt 0:00:04]} 25. Rc1 {[%emt 0:00:09]} Nd6 {[%emt 0:00:09]} 26. b4 {[%emt 0:00:23]} b6 {[%emt 0:00:27]} 27. b5 {[%emt 0:00:41]} Qe8 {[%emt 0:00:13]} 28. Nd3 {[%emt 0:00:05]} Rb7 {[%emt 0:00:10]} 29. Rdc2 {[%emt 0:00:31]} Rbc7 {[%emt 0:00:05]} 30. Ne5 {[%emt 0:00:05]} Nb7 {[%emt 0:00:56]} 31. c4 {[%emt 0:00:21]} dxc4 {[%emt 0:00:35]} 32. Rxc4 {[%emt 0:00:02]} Rxc4 {[%emt 0:00:26]} 33. Rxc4 {[%emt 0:00:01]} Nd6 {[%emt 0:00:14]} 34. Rc6 {[%emt 0:00:54]} Nf5 {[%emt 0:00:27]} 35. Rxc8 {[%emt 0:00:24]} Qxc8 {[%emt 0:00:02]} 36. Qc4 {[%emt 0:00:02]} Qd8 {[%emt 0:00:22]} 37. Nc6 {[%emt 0:00:20]} Qd6 {[%emt 0:00:04]} 38. g4 {[%emt 0:00:06]} Nh4 {[%emt 0:00:07]} 39. Ne5 {[%emt 0:00:02]} g5 {[%emt 0:00:15]} 40. Qc8+ {[%emt 0:00:09]} Kg7 {[%emt 0:00:02]} 41. Qd7 {[%emt 0:00:05]} Nf3+ {[%emt 0:00:24]} 42. Kg2 {[%emt 0:00:00]} Qxd7 {[%emt 0:00:10]} 43. Nxd7 {[%emt 0:00:02]} Nxd4 {[%emt 0:00:02]} 44. Nxb6 {[%emt 0:00:01]} Nb3 {[%emt 0:00:14]} 45. Nd7 {[%emt 0:00:08]} Nd4 {[%emt 0:00:10]} 46. b6 {[%emt 0:00:03]} 1-0

[Event "HUN-ch Rapid 2018"]
[Site "Ajka"]
[Date "2018.07.21"]
[Round "8"]
[White "Erdos, Viktor"]
[Black "Bagi, Mate"]
[Result "1-0"]
[WhiteElo "2617"]
[BlackElo "2394"]
[Annotator "TA"]
[PlyCount "77"]
[EventDate "2018.07.20"]
[EventType "swiss"]
[EventCountry "HUN"]
[SourceTitle "playchess.com"]
[Source "ChessBase"]
[SourceQuality "1"]

{[%evp 15,77,52,33,39,71,58,77,71,72,72,79,75,73,75,68,68,68,68,117,117,116,111,111,108,109,109,126,118,109,108,193,100,103,0,112,102,327,329,332,325,366,372,364,380,379,377,385,363,376,223,596,652,635,629,1847,1765,1767,1697,1440,702,1112,1070,1177,1143]} 1. Nf3 Nf6 2. c4 b6 3. g3 Bb7 4. Bg2 g6 5. O-O Bg7 6. d4 O-O 7. d5 e6 {A50: Queen's Fianchetto Defence (1 d4 Nf6 2 c4 b6)} 8. Nc3 Re8 {LiveBook: 5 Games} 9. Nd4 e5 $146 {White is slightly better.} ({Predecessor:} 9... exd5 10. cxd5 Na6 11. e4 Nc5 12. Re1 Nxd5 13. exd5 Rxe1+ 14. Qxe1 Bxd4 15. Be3 {0-1 (39) Melkumyan,H (2633)-Mamedyarov,S (2799) Riadh 2017}) 10. Nc2 d6 11. e4 Nbd7 12. b4 Qe7 13. Qd3 a5 {[#]} 14. a3 $1 axb4 15. axb4 Rxa1 16. Nxa1 c5 17. dxc6 Bxc6 18. Nc2 Ra8 19. Bg5 h6 20. Be3 Ne8 21. Rd1 Bf8 22. Bh3 Qd8 (22... Nef6 $16 23. f3 Qd8) 23. Nd5 ({White should try} 23. b5 $18 Bb7 24. Bxd7 Qxd7 25. Bxb6) 23... Nef6 $16 24. Nc3 (24. Ra1 $16) 24... Qc7 (24... Ne8 $1 $11 {remains equal.}) 25. Bc1 Qb7 $2 (25... Qc8 $16) 26. b5 $18 Bxe4 27. Nxe4 Nxe4 28. Bxd7 $1 {[#] Black must now prevent Bc6.} Nxf2 29. Kxf2 {aiming for Bc6.} Qxd7 30. Ne3 {[%cal Bc2e3,Be3d5,Bd5f6][%mdl 32]} Qh3 31. Kg1 d5 32. Qf1 (32. Nxd5 $142 {Hoping for Qe2.} Ra2 33. Bd2 (33. Rd2 Ra1 $18)) 32... Qh5 $2 (32... Qxf1+ 33. Kxf1 d4) 33. Nxd5 {And now Nf6+ would win.White is clearly winning.} Bc5+ 34. Kh1 Kf8 35. Nf6 Qf5 36. Qxf5 gxf5 37. Nd7+ (37. Bxh6+ $142 Ke7 38. Nd5+ Ke6 39. Nc7+ Kf6 40. Nxa8) 37... Ke7 38. Nxc5 bxc5 39. Be3 {Precision: White = 61%, Black = 32%.} 1-0

[Event "HUN-ch Rapid 2018"]
[Site "Ajka"]
[Date "2018.07.21"]
[Round "8"]
[White "Prohaszka, Peter"]
[Black "Acs, Marton"]
[Result "1-0"]
[WhiteElo "2593"]
[BlackElo "2026"]
[Annotator "TA"]
[PlyCount "63"]
[EventDate "2018.07.20"]
[EventType "swiss"]
[EventCountry "HUN"]
[SourceTitle "playchess.com"]
[Source "ChessBase"]
[SourceQuality "1"]

{[%evp 20,63,48,43,104,95,104,98,96,91,103,103,125,92,156,118,119,117,228,225,223,197,239,236,350,335,350,354,383,324,437,449,423,384,404,399,444,441,504,506,689,675,854,839,848,833]} 1. d4 Nf6 2. c4 e6 3. g3 Bb4+ 4. Bd2 Qe7 5. Nf3 Bxd2+ 6. Qxd2 b6 7. Bg2 Bb7 8. Nc3 Ne4 9. Nxe4 Bxe4 10. O-O O-O 11. Qf4 {LiveBook: 41 Games. E16: Queen's Indian: 4 g3 Bb7 5 Bg2 Bb4+} f5 (11... d5 $14) (11... d5 12. cxd5 exd5 13. Rac1 Na6 14. Bh3 Qb4 15. b3 Bxf3 16. Qxf3 Qxd4 17. Rfd1 Qe4 18. Bg2 Qxf3 19. Bxf3 Rad8 20. Rxd5 Rxd5 21. Bxd5 {½-½ (55) Kazakovskiy,V (2417)-Lajthajm,B (2465) Novi Sad 2017}) 12. Qxc7 $16 Nc6 13. Qf4 {White is better.} d6 $146 ({Predecessor:} 13... Rac8 14. b3 h6 15. h4 Qa3 16. Rfd1 d6 17. Qc1 Qa6 18. Ne1 Bxg2 19. Nxg2 {1-0 (50) Ross,D (2310)-Schleifer,M (2285) Quebec 1993}) 14. Qd2 Rac8 15. Rac1 Qf6 16. Rfd1 Rfd8 (16... e5 $142) 17. b3 {[%cal Bb2b3,Bb3b4,Bb4b5][%mdl 32]} e5 18. d5 {[%cal Bd4d5,Bd5c6][%mdl 32]} Bxf3 (18... Ne7 $16 19. Ng5 Bxg2) 19. dxc6 $18 ({Don't take} 19. Bxf3 $6 Nd4 $16) ({But not} 19. exf3 $6 Nb8) 19... Bxg2 20. Kxg2 Kh8 21. Qd5 Rc7 (21... f4 {is a better defense.} 22. Rd2 Rf8) 22. b4 {[#] Hoping for c5.} Rcc8 23. b5 g5 24. Rd3 e4 25. Qd4 Kg7 26. Qxf6+ Kxf6 {[%mdl 4096] Endgame KRR-KRR} 27. Rd5 Ke6 28. Rcd1 {White is clearly winning.} h6 29. h3 {[%cal Bh2h3,Bh3g4][%mdl 32]} a5 30. g4 fxg4 31. hxg4 Rc7 32. R1d4 {Precision: White = 82%, Black = 28%.} 1-0

[Event "HUN-ch Rapid 2018"]
[Site "Ajka"]
[Date "2018.07.21"]
[Round "8"]
[White "Banusz, Tamas"]
[Black "Balog, Imre"]
[Result "1/2-1/2"]
[WhiteElo "2592"]
[BlackElo "2613"]
[Annotator "TA"]
[PlyCount "118"]
[EventDate "2018.07.20"]
[EventType "swiss"]
[EventCountry "HUN"]
[SourceTitle "playchess.com"]
[Source "ChessBase"]
[SourceQuality "1"]

{[%evp 23,118,5,33,0,41,43,44,34,74,50,50,50,48,48,56,39,43,13,13,13,9,10,20,22,52,50,52,25,32,20,25,25,25,25,36,24,24,24,25,25,25,18,18,18,23,8,8,12,9,17,17,8,8,8,8,8,8,8,8,0,0,0,0,0,0,0,53,0,0,0,53,35,52,0,47,0,0,0,0,0,0,0,0,0,0,0,0,0,0,0,8,0,0,-8,-8,-8,-8]} 1. Nf3 d5 2. g3 g6 3. Bg2 Bg7 4. d4 c6 5. c4 dxc4 6. O-O Nf6 7. a4 O-O 8. Na3 {D73: Fianchetto Grünfeld: 5 Nf3} Be6 9. Ng5 Bd5 10. e4 h6 11. exd5 hxg5 12. dxc6 Nxc6 {LiveBook: 8 Games} 13. Bxg5 {[#]} Na5 $146 ({Predecessor:} 13... Qxd4 14. Bxc6 Qxd1 15. Raxd1 bxc6 {½-½ (15) Adianto,U (2605)-Tkachiev,V (2620) Jakarta 1996}) 14. Rc1 Rc8 15. Bd2 Ne8 16. Bxa5 Qxa5 17. Nxc4 Qb4 18. b3 Nd6 19. Qd3 (19. Nxd6 {feels hotter.} Qxd6 20. d5 Rc3 21. Rxc3 Bxc3 22. Qf3) 19... Nxc4 20. Rxc4 (20. bxc4 {with more complications.} b6 21. Rfe1 Rc7 22. d5 Rfc8 23. Re4) 20... Rxc4 21. Qxc4 Qxc4 22. bxc4 $14 {[%mdl 4096] Endgame KRB-KRB} Rc8 23. Rc1 Rc7 24. d5 Bd4 25. Kf1 a6 26. Be4 b5 27. axb5 axb5 28. Bd3 bxc4 29. Bxc4 Kg7 30. f4 Ra7 31. Ke2 Ra3 32. Rb1 Re3+ 33. Kd2 Rf3 34. d6 exd6 35. Rb7 Bg1 36. Rxf7+ Kh8 $1 37. Bd5 Rf2+ 38. Ke3 Rf1+ $1 39. Ke4 {With the idea h4.} Bxh2 40. g4 g5 41. f5 Rf4+ 42. Kd3 Bg1 {[#] Threatens to win with ...Rd4+.} 43. Be6 Rd4+ 44. Kc2 Re4 (44... Rxg4 $11 45. Rf6 Bd4 46. Rh6+ Kg7 47. Rg6+ Kh7) 45. Bd7 (45. Rf6 $14) 45... Kg8 46. Be6 (46. Rf6 $11) 46... Kh8 47. Rf8+ Kh7 48. Rf7+ Kh8 $1 49. Bb3 Rxg4 {The position is equal.} 50. f6 {[#] aiming for Rf8+.} Bd4 51. Rf8+ Kh7 52. Kd1 Rg1+ 53. Ke2 {Intending Bc2+ and mate.} Rg2+ 54. Kd3 Rg3+ 55. Kc4 {Bc2+ would kill now.} Rc3+ 56. Kb4 Kg6 57. f7 {White threatens Rg8+ and mate.} Rf3 58. Rd8 Bc5+ 59. Ka4 {Rg8+ is the strong threat.} Rxf7 {Precision: White = 50%, Black = 79%.} 1/2-1/2